000 00756nam a22002295a 4500
008 171203t2014 -usa frb 001 0 eng d
020 _a9781133939429
020 _a1133939422
040 _aEG-ScBUE
_beng
_cEG-ScBUE
082 0 4 _222
_a353.130973
_bROS
100 1 _aRosati, Jerel A.
245 1 0 _aThe politics of united states foreign policy /
_c‎Jerel A. Rosati, James M. Scott.
250 _a6th ed., international ed.
260 _aUnited States :
_bWadsworth Publishing,
_cc.2014.
300 _axii, 507 p. :
_bill. ;
_c24 cm.
504 _ainclude refrences and index.
650 _2BUEsh
651 7 _2BUEsh
_aUnited States
_xForeign relations administration.
653 _bBUSBOL
_cDecember2017
700 1 _aScott, James M.
942 _2ddc
999 _c25698
_d25670